[Event "Titled Tue 1st Jul Early"]
[Site "chess.com INT"]
[Date "2025.07.01"]
[Round "2"]
[White "Vijayakumar, Rishi"]
[Black "Jandric, Damjan"]
[Result "1-0"]
[WhiteTitle "FM"]
[BlackTitle "CM"]
[WhiteElo "2333"]
[BlackElo "2179"]
[WhiteFideId "2408953"]
[BlackFideId "921475"]
[EventDate "2025.07.01"]

1. d4 d5 2. c4 c6 3. Nc3 Nf6 4. Nf3 e6 5. e3 Be7 6. Qc2 O-O 7. g4 Nxg4 8. Rg1
Nf6 9. b3 Nbd7 10. Bd2 Qc7 11. O-O-O e5 12. dxe5 Nxe5 13. Nd4 dxc4 14. bxc4 Bg4
15. Be2 Bxe2 16. Ncxe2 Ba3+ 17. Kb1 g6 18. Bc3 Nxc4 19. Nf5 Be7 20. Nxe7+ Qxe7
21. Bxf6 Na3+ 22. Kb2 Qxf6+ 23. Kxa3 Qxf2 24. Rg3 Rfe8 25. Nd4 Rxe3+ 26. Rd3
Rxg3 27. Qxf2 Rxd3+ 28. Nb3 a5 29. Kb2 Rad8 30. Kc2 a4 31. Nc5 Ra3 32. Kb2 Rh3
33. Ne4 Rhd3 34. Kc2 R3d4 35. Qf6 1-0

[Event "Titled Tue 1st Jul Early"]
[Site "chess.com INT"]
[Date "2025.07.01"]
[Round "2"]
[White "Vetokhin, Savva"]
[Black "Zhou, Yuxu"]
[Result "1-0"]
[WhiteTitle "GM"]
[BlackTitle "CM"]
[WhiteElo "2569"]
[BlackElo "2197"]
[WhiteFideId "44144474"]
[BlackFideId "8626421"]
[EventDate "2025.07.01"]

1. d4 d5 2. c4 c6 3. cxd5 cxd5 4. Bf4 Nf6 5. e3 Nc6 6. Nc3 a6 7. Be2 Bf5 8. Nf3
e6 9. Qb3 Ra7 10. O-O Bd6 11. Ne5 O-O 12. Nxc6 bxc6 13. Bxd6 Qxd6 14. Qb6 Raa8
15. Qa5 Rfb8 16. b3 Nd7 17. Na4 e5 18. dxe5 Nxe5 19. Rac1 Bd3 20. Qd2 Bxe2 21.
Qxe2 Nd7 22. Rc2 Rc8 23. Rfc1 h6 24. Qd2 a5 25. Qd4 Rab8 26. h3 Ra8 27. e4 Qe5
28. Qxe5 Nxe5 29. Nb6 dxe4 30. Nxa8 Rxa8 31. Rd1 a4 32. b4 a3 33. Rd4 f5 34. Rc5
Nd3 35. Rxc6 Rb8 36. Ra6 Nxb4 37. Ra4 Nxa2 38. Rxa3 Nc1 39. Rd7 Rb1 40. Raa7
Nd3+ 41. Kh2 Nxf2 42. Rxg7+ Kf8 43. Rgc7 Rb8 44. Rc5 Kg8 45. Rxf5 e3 46. Re7 Nd1
47. Rd5 Nc3 48. Rd3 1-0

[Event "Titled Tue 1st Jul Early"]
[Site "chess.com INT"]
[Date "2025.07.01"]
[Round "2"]
[White "Rohit, S"]
[Black "Szalay-Ocsak, Bank"]
[Result "1-0"]
[WhiteTitle "FM"]
[BlackTitle "FM"]
[WhiteElo "2215"]
[BlackElo "2209"]
[WhiteFideId "46633847"]
[BlackFideId "784923"]
[EventDate "2025.07.01"]

1. e4 c6 2. d4 d5 3. Nc3 dxe4 4. Nxe4 Nf6 5. Nxf6+ exf6 6. Be3 Bd6 7. Bd3 Nd7 8.
Ne2 O-O 9. O-O Re8 10. c4 Nf8 11. Qc2 Bg4 12. Rfe1 Bh5 13. a3 Bg6 14. b4 a6 15.
Nc3 b5 16. c5 Bc7 17. Rad1 a5 18. d5 axb4 19. axb4 cxd5 20. Nxd5 Qb8 21. Nxc7
Qxc7 22. Qe2 Ne6 23. Bxg6 hxg6 24. Qxb5 Reb8 25. Qc4 Qb7 26. Rb1 Qb5 27. Qc3 f5
28. Bd4 Rd8 29. Be5 Rd3 30. Qc2 Rad8 31. Bd6 Rc8 32. Qe2 Nd4 33. Qa2 Nc6 34. Qb2
Ra8 35. h3 Rda3 36. Qd2 Ra2 37. Qd5 Nxb4 38. Qb3 R2a4 39. c6 Qxc6 40. Bxb4 Ra2
41. Re7 Qf6 42. Rbe1 f4 43. Bc3 1-0

[Event "Titled Tue 1st Jul Early"]
[Site "chess.com INT"]
[Date "2025.07.01"]
[Round "2"]
[White "Nicot, Valentin"]
[Black "Craciun, Sasha-Matei"]
[Result "0-1"]
[WhiteTitle "CM"]
[BlackTitle "FM"]
[WhiteElo "2157"]
[BlackElo "2320"]
[WhiteFideId "651002477"]
[BlackFideId "1281186"]
[EventDate "2025.07.01"]

1. d4 Nf6 2. Nf3 d5 3. g3 e6 4. Bg2 Be7 5. c4 O-O 6. O-O dxc4 7. Qc2 a6 8. a4
Bd7 9. Qxc4 Bc6 10. Bg5 Bd5 11. Qc1 Nbd7 12. Nc3 Bc6 13. Qc2 h6 14. Bf4 Nb6 15.
Rac1 Nbd5 16. Nxd5 Nxd5 17. Bd2 Nf6 18. Rfd1 Rc8 19. Ba5 Be4 20. Qb3 b6 21. Bb4
Nd5 22. Bxe7 Qxe7 23. Ne5 Bxg2 24. Kxg2 c5 25. dxc5 Rxc5 26. Rxc5 Qxc5 27. Nd7
Qc6 28. Rxd5 Rd8 29. Qf3 Qxd5 30. Qxd5 exd5 31. Nxb6 Rb8 32. a5 Rb7 33. Kf3 Kf8
34. Ke3 Ke7 35. Kd4 Kd6 36. b4 Kc6 37. Nxd5 Kb5 38. e4 Rb8 39. f4 Rc8 40. e5
Rc4+ 41. Kd3 Rc1 42. f5 Kc6 43. Nc3 Rf1 44. Ke4 Rc1 0-1

[Event "Titled Tue 1st Jul Early"]
[Site "chess.com INT"]
[Date "2025.07.01"]
[Round "2"]
[White "Erten, Kerem"]
[Black "Tari, Aryan"]
[Result "0-1"]
[WhiteTitle "FM"]
[BlackTitle "GM"]
[WhiteElo "2374"]
[BlackElo "2636"]
[WhiteFideId "34588221"]
[BlackFideId "1510045"]
[EventDate "2025.07.01"]

1. e4 e5 2. Nf3 Nc6 3. Nc3 Nf6 4. d4 exd4 5. Nxd4 Bb4 6. Nxc6 bxc6 7. Bd3 d5 8.
exd5 cxd5 9. O-O O-O 10. Bg5 c6 11. Qf3 Bd6 12. h3 Rb8 13. b3 Be5 14. Bf4 Qd6
15. Bxe5 Qxe5 16. Rfe1 Qd6 17. Rad1 Bd7 18. Ne2 Rfe8 19. Qf4 Qxf4 20. Nxf4 Rxe1+
21. Rxe1 a5 22. c4 Kf8 23. h4 h6 24. cxd5 cxd5 25. Rc1 a4 26. bxa4 Rb4 27. g3
Rxa4 28. Rc2 Ke7 29. f3 Ra3 30. Rd2 Kd6 31. Kf2 Bc6 32. g4 Nd7 33. Bc4 Nb6 34.
Bb3 g5 35. hxg5 hxg5 36. Ne2 Bb5 37. Nd4 Bd7 38. Ne2 Ra5 39. Nc3 Ke5 40. Ke3 Bc6
41. Ne2 Nc4+ 42. Bxc4 dxc4 43. Rc2 Ra3+ 44. Nc3 f6 45. Rc1 Be8 46. Rc2 Bg6 47.
Rc1 Bd3 48. Kf2 Ra8 49. Re1+ Kd4 50. Nb5+ Kc5 51. Nc7 Rxa2+ 52. Ke3 Ra7 53. Ne6+
Kd5 54. Ng7 Rxg7 0-1

[Event "Titled Tue 1st Jul Early"]
[Site "chess.com INT"]
[Date "2025.07.01"]
[Round "2"]
[White "Agibileg, Uurtsaikh"]
[Black "Milare, Tyron"]
[Result "1-0"]
[WhiteTitle "IM"]
[BlackTitle "FM"]
[WhiteElo "2380"]
[BlackElo "2217"]
[WhiteFideId "4901606"]
[BlackFideId "12987018"]
[EventDate "2025.07.01"]

1. d4 d5 2. c4 c6 3. Nc3 Nf6 4. Nf3 g6 5. Bg5 Bg7 6. Bxf6 Bxf6 7. e4 dxe4 8.
Nxe4 Bg7 9. Qd2 Bf5 10. Ng3 Bg4 11. O-O-O h5 12. Kb1 Nd7 13. h3 Bxf3 14. gxf3
Qb6 15. c5 Qc7 16. Bc4 e6 17. Ne4 Bf8 18. Qb4 O-O-O 19. Rd3 b5 20. cxb6 Bxb4 21.
bxc7 Kxc7 22. Rc1 c5 23. a3 Ba5 24. Bb5 Kb8 25. Bxd7 Rxd7 26. Nxc5 Rd6 27. Rb3+
Bb6 28. Na4 Rc8 29. Rc5 Rxd4 30. Rxc8+ Kxc8 31. Nxb6+ axb6 32. Rxb6 Rd3 33. Rc6+
Kd7 34. Rc3 Rd2 35. b4 Rxf2 36. b5 Rd2 37. Rc4 Rd3 38. a4 Rxf3 39. Kb2 e5 40. a5
Rf4 41. Rc5 e4 42. a6 e3 43. a7 Ra4 44. b6 Kd6 45. Rc1 e2 46. b7 Rb4+ 47. Ka3
Rxb7 48. a8=Q 1-0

[Event "Titled Tue 1st Jul Early"]
[Site "chess.com INT"]
[Date "2025.07.01"]
[Round "2"]
[White "Venskaya, Nika"]
[Black "Goryachkina, Aleksandra"]
[Result "1/2-1/2"]
[WhiteTitle "WCM"]
[BlackTitle "GM"]
[WhiteElo "1926"]
[BlackElo "2533"]
[WhiteFideId "13523503"]
[BlackFideId "4147103"]
[EventDate "2025.07.01"]

1. d4 Nf6 2. Nf3 d5 3. g3 Bf5 4. Bg2 e6 5. O-O Be7 6. c4 c6 7. Nc3 Nbd7 8. Nd2
O-O 9. e4 dxe4 10. Ndxe4 Nxe4 11. Nxe4 Nf6 12. Nxf6+ Bxf6 13. Be3 Qc7 14. Qb3
Rfd8 15. Rfd1 h6 16. Rac1 Bg4 17. Rd2 Rd7 18. d5 Rad8 19. Qa4 c5 20. Qxa7 Bg5
21. Bxg5 hxg5 22. Qa3 Bf5 23. Qe3 g4 24. Rcd1 b6 25. b3 Rd6 26. dxe6 Bxe6 27.
Qf4 Rxd2 28. Rxd2 Qc8 29. Qe3 Rxd2 30. Qxd2 Qc7 31. Be4 g6 32. Qd3 Kh7 33. Bd5
Bf5 34. Qe3 Kg7 35. Qc3+ Kh7 36. Qe3 Kg7 37. Qc3+ Kh7 38. Qe3 1/2-1/2

[Event "Titled Tue 1st Jul Early"]
[Site "chess.com INT"]
[Date "2025.07.01"]
[Round "2"]
[White "Fedorov, Artem Alek"]
[Black "Nifdaliyev, Jahangir"]
[Result "0-1"]
[WhiteTitle "CM"]
[BlackTitle "FM"]
[WhiteElo "2157"]
[BlackElo "2312"]
[WhiteFideId "34418431"]
[BlackFideId "13407740"]
[EventDate "2025.07.01"]

1. e4 c5 2. Nf3 d6 3. d4 cxd4 4. Qxd4 Nc6 5. Bb5 Nf6 6. Nc3 g6 7. e5 dxe5 8.
Bxc6+ bxc6 9. Qa4 Bg7 10. Nxe5 O-O 11. Nxc6 Qd6 12. Na5 Qe6+ 13. Be3 Ng4 14. Qf4
Bh6 15. Qf3 Bxe3 16. fxe3 Nxe3 17. Qxa8 Nxc2+ 18. Kd2 Nxa1 19. Rxa1 Ba6 20. Qe4
Qb6 21. Nb3 Rd8+ 22. Kc2 Qf2+ 23. Nd2 Rxd2+ 24. Kb3 Rxb2+ 25. Ka3 Qb6 26. Na4
Qf6 27. Nxb2 Qc3+ 28. Ka4 Qxb2 29. Re1 Qxa2+ 30. Kb4 Qb2+ 31. Kc5 Qb6+ 32. Kd5
Bb7+ 33. Ke5 Bxe4 34. Kxe4 Qe6+ 35. Kf3 Qxe1 36. g4 Qb4 37. Kg2 a5 38. Kg3 a4
39. h4 a3 40. h5 a2 41. Kh4 a1=Q 42. Kg5 Qf6+ 43. Kh6 Qbf4+ 44. g5 Q4xg5# 0-1

[Event "Titled Tue 1st Jul Early"]
[Site "chess.com INT"]
[Date "2025.07.01"]
[Round "2"]
[White "Faryma, Matviy"]
[Black "Gurel, Ediz"]
[Result "0-1"]
[BlackTitle "GM"]
[WhiteElo "2230"]
[BlackElo "2652"]
[WhiteFideId "1961578"]
[BlackFideId "44507356"]
[EventDate "2025.07.01"]

1. b3 e5 2. Bb2 Nc6 3. e3 Nf6 4. c4 d5 5. cxd5 Nxd5 6. a3 Bd6 7. d3 O-O 8. Nf3
Bg4 9. Be2 Qe7 10. Nbd2 Rad8 11. Qc2 Kh8 12. Nc4 f5 13. h3 Bh5 14. Nxd6 cxd6 15.
O-O f4 16. Qd2 Bg6 17. Rac1 h6 18. b4 a6 19. Rc4 Kh7 20. Rfc1 fxe3 21. fxe3 Rf7
22. Rg4 Rdf8 23. Rg3 Bh5 24. d4 e4 25. Ng5+ hxg5 26. Bxh5 Rf6 27. Bg4 Qf7 28.
Be2 Rf2 29. Rxg5 Nce7 30. Rg3 Qe6 31. Rf1 Rxf1+ 32. Bxf1 Nf5 33. Rg4 Nfxe3 34.
Rh4+ Kg8 35. Be2 Qf6 36. Rh5 Qf2+ 37. Kh2 Qxg2# 0-1

[Event "Titled Tue 1st Jul Early"]
[Site "chess.com INT"]
[Date "2025.07.01"]
[Round "2"]
[White "Tica, Sven"]
[Black "Porozhnyak, Maya"]
[Result "1-0"]
[WhiteTitle "IM"]
[BlackTitle "WCM"]
[WhiteElo "2442"]
[BlackElo "1953"]
[WhiteFideId "14526948"]
[BlackFideId "34115843"]
[EventDate "2025.07.01"]

1. Nf3 c5 2. g3 Nc6 3. Bg2 e6 4. O-O Nf6 5. d3 b6 6. e4 Bb7 7. Nbd2 d6 8. h3 Qc7
9. c3 e5 10. a4 Be7 11. Nc4 O-O 12. Ne3 Rfd8 13. Nf5 Bf8 14. Bg5 Ne7 15. Nh6+
gxh6 16. Bxf6 Bg7 17. Bxe7 Qxe7 18. Nh4 Bc8 19. Kh2 Kh8 20. Bf3 Bf6 21. Ng2 Rg8
22. Bg4 Be6 23. Qf3 Rg6 24. Ne3 Rag8 25. Bf5 Rg5 26. h4 R5g7 27. Qh5 Rg6 28.
Bxg6 Rxg6 29. Nf5 Qf8 30. a5 b5 31. a6 Bg7 32. Ra5 Bd7 33. b4 cxb4 34. cxb4 Qc8
35. Raa1 Qc3 36. Qe2 Bxf5 37. exf5 Rf6 38. Qe4 Bf8 39. Rac1 Qd2 40. Rc8 Kg7 41.
Qg4+ Rg6 42. fxg6 hxg6 43. Ra8 Qxd3 44. Qc8 Qxf1 45. Qxf8+ Kf6 46. Qxd6+ Kf5 47.
Qd7+ Kf6 48. Qc6+ Kf5 49. Qg2 Qc4 50. Rxa7 Qxb4 51. Rxf7+ Ke6 52. a7 Qa3 53. Rh7
g5 54. a8=Q Qxa8 55. Qxa8 gxh4 56. Qc6+ Kf5 57. Rf7+ Kg5 58. Qf6+ Kg4 59. Qf5# 1-0

[Event "Titled Tue 1st Jul Early"]
[Site "chess.com INT"]
[Date "2025.07.01"]
[Round "2"]
[White "Cunha, Lucas Aguiar"]
[Black "Ivashentseva, Dominika"]
[Result "1-0"]
[WhiteTitle "FM"]
[BlackTitle "WCM"]
[WhiteElo "2254"]
[BlackElo "1970"]
[WhiteFideId "2125404"]
[BlackFideId "34331050"]
[EventDate "2025.07.01"]

1. e4 c5 2. Nf3 Nc6 3. Nc3 g6 4. d4 cxd4 5. Nxd4 Bg7 6. Nb3 Nf6 7. g4 O-O 8. g5
Ne8 9. h4 f5 10. exf5 Rxf5 11. Bd3 Re5+ 12. Be3 Nd6 13. h5 Nf5 14. Bxf5 Rxf5 15.
hxg6 hxg6 16. Qd2 Ne5 17. O-O-O Nc4 18. Qd3 Nxe3 19. Qxe3 d6 20. f4 e5 21. Ne4
exf4 22. Qh3 d5 23. Qh7+ Kf7 24. Nd4 Qb6 25. Nf6 Rxf6 26. gxf6 Qxf6 27. Rhf1 Bg4
28. Qh1 Bxd1 29. Qxd5+ Kf8 30. Ne6+ Ke7 31. Nxg7 Qxg7 32. Qxb7+ Kf6 33. Rxf4+
Kg5 34. Qxg7 Kxf4 35. Qc7+ Ke3 36. Qc5+ Ke2 37. Qe5+ 1-0

[Event "Titled Tue 1st Jul Early"]
[Site "chess.com INT"]
[Date "2025.07.01"]
[Round "2"]
[White "Svane, Frederik"]
[Black "Dinesh, Rajan M"]
[Result "1-0"]
[WhiteTitle "GM"]
[BlackTitle "CM"]
[WhiteElo "2659"]
[BlackElo "2131"]
[WhiteFideId "12923044"]
[BlackFideId "35060600"]
[EventDate "2025.07.01"]

1. e4 c5 2. Nf3 e6 3. b3 d5 4. exd5 exd5 5. Bb2 a6 6. g3 Nf6 7. Bg2 Be7 8. O-O
O-O 9. d4 Ne4 10. dxc5 Bxc5 11. Nc3 Nxc3 12. Bxc3 Nc6 13. Qd2 d4 14. Bb2 Bf5 15.
Rfd1 Rc8 16. Nxd4 Nxd4 17. Bxd4 Bxc2 18. Qxc2 Bxd4 19. Qe4 Bxa1 20. Rxd8 Rfxd8
21. Qxb7 Rc1+ 22. Bf1 g6 23. Kg2 Rc2 24. Bc4 Bd4 25. Qxf7+ Kh8 26. Qe7 Rxf2+ 27.
Kh3 Rdf8 28. Bxa6 Bg7 29. a4 h5 30. Bd3 Kh7 31. Qg5 R8f6 32. Qxh5+ Bh6 33. Qe5
Bg7 34. Qh5+ Bh6 35. Qc5 Rd2 36. Be4 Re2 37. Qe7+ Bg7 38. Bxg6+ Rxg6 39. Qxe2
Rh6+ 40. Kg2 Kh8 41. a5 Re6 42. Qxe6 1-0

[Event "Titled Tue 1st Jul Early"]
[Site "chess.com INT"]
[Date "2025.07.01"]
[Round "2"]
[White "Qin, Kevin"]
[Black "Svane, Rasmus"]
[Result "0-1"]
[BlackTitle "GM"]
[WhiteElo "2017"]
[BlackElo "2619"]
[WhiteFideId "2627949"]
[BlackFideId "4657101"]
[EventDate "2025.07.01"]

1. c4 e6 2. Nc3 d5 3. e3 Nf6 4. Nf3 Bd6 5. b3 O-O 6. Bb2 Re8 7. Qc2 c6 8. d4
Nbd7 9. Be2 b6 10. O-O Bb7 11. Rad1 Qe7 12. Rfe1 Rad8 13. e4 Nxe4 14. Nxe4 dxe4
15. Qxe4 Bb4 16. Rf1 Bd6 17. Bd3 Nf8 18. Rfe1 c5 19. d5 f6 20. Qh4 Qf7 21. dxe6
Rxe6 22. Rxe6 Qxe6 23. Re1 Qf7 24. Be4 Re8 25. Bxb7 Rxe1+ 26. Nxe1 Qxb7 27. Qg4
Qd7 28. Qxd7 Nxd7 29. Nf3 Kf7 30. Kf1 g5 31. h3 h5 32. Ke2 Nf8 33. Kd3 Ng6 34.
g4 Nf4+ 35. Ke4 Ke6 36. gxh5 Nxh3 37. Ke3 g4 38. Ne1 f5 39. h6 Bf4+ 40. Ke2 Bxh6
41. Nd3 Nf4+ 42. Nxf4+ Bxf4 43. Bg7 Be5 44. Bh6 Bd6 45. Bg5 Ke5 46. Bh6 Ke4 47.
Bg5 Be5 48. Bh6 Kd4 49. Kd2 f4 50. Bg5 g3 51. fxg3 fxg3 52. Be3+ Ke4 53. Bg1 Bd4 0-1

[Event "Titled Tue 1st Jul Early"]
[Site "chess.com INT"]
[Date "2025.07.01"]
[Round "2"]
[White "Gubajdullin, Alexei"]
[Black "Suleimen, Ergali"]
[Result "0-1"]
[WhiteTitle "FM"]
[BlackTitle "FM"]
[WhiteElo "2233"]
[BlackElo "2330"]
[WhiteFideId "4141202"]
[BlackFideId "13724452"]
[EventDate "2025.07.01"]

1. d4 Nf6 2. Nf3 g6 3. Bf4 Bg7 4. e3 O-O 5. Be2 d6 6. O-O Nc6 7. h3 e5 8. Bh2
Ne4 9. c3 Qe7 10. a4 f5 11. a5 a6 12. Qa4 h6 13. Qa3 Kh7 14. dxe5 Nxe5 15. Nxe5
Bxe5 16. Bxe5 Qxe5 17. Bf3 Bd7 18. Qb3 Bc6 19. Qd1 g5 20. Qd4 Qe6 21. Nd2 Nxd2
22. Bxc6 Nxf1 23. Bxb7 Rab8 24. Bxa6 Nxe3 25. fxe3 Rxb2 26. Bc4 Qe4 27. Qxe4
fxe4 28. Bd5 Rff2 29. Bxe4+ Kg7 30. Bd5 c6 31. Bxc6 Ra2 32. Rb1 Rfc2 33. Rb5
Rxc3 34. Bb7 Rxe3 35. a6 Kf6 36. Rb6 Ke5 37. Rb5+ Kf6 38. Rb6 Ke7 39. Rb5 Rc3
40. Kh2 Rc5 41. Rb4 d5 42. Rb6 d4 43. Rb4 d3 44. Rd4 d2 45. Kg3 Rc3+ 46. Kg4 Rc4
47. Rxc4 d1=Q+ 48. Kf5 Qf1+ 0-1

[Event "Titled Tue 1st Jul Early"]
[Site "chess.com INT"]
[Date "2025.07.01"]
[Round "2"]
[White "Pragnya H G"]
[Black "Buscar, Michael"]
[Result "0-1"]
[WhiteTitle "WFM"]
[WhiteElo "2119"]
[BlackElo "2016"]
[WhiteFideId "25609785"]
[BlackFideId "2603616"]
[EventDate "2025.07.01"]

1. c4 e6 2. g3 d5 3. b3 Nf6 4. Bg2 Be7 5. Nf3 O-O 6. O-O Nbd7 7. d4 c6 8. Bb2 a5
9. Nbd2 a4 10. Ne1 b5 11. Nd3 Ba6 12. cxd5 cxd5 13. bxa4 bxa4 14. Nb1 Nb6 15.
Ne5 Qb8 16. Nc6 Qb7 17. Nxe7+ Qxe7 18. Ba3 Qd7 19. Bxf8 Rxf8 20. Nc3 Rc8 21. Rb1
Qc6 22. Rc1 Bc4 23. Re1 Qd7 24. e4 h6 25. e5 Ne8 26. Rb1 Qa7 27. Qd2 Nc7 28. Bf1
Qa5 29. Ne4 Qxd2 30. Nxd2 Bxf1 31. Rxb6 Bd3 32. Rc1 Kh7 33. Rbc6 Rb8 34. Rxc7
Rb2 35. Nf3 Rxa2 36. Rxf7 Kg6 37. Rcc7 Ra1+ 38. Kg2 Bf1+ 39. Kg1 Bh3+ 40. Ne1
Rxe1# 0-1

[Event "Titled Tue 1st Jul Early"]
[Site "chess.com INT"]
[Date "2025.07.01"]
[Round "2"]
[White "Oviedo Acosta, Paula"]
[Black "Flynn, Jacob"]
[Result "0-1"]
[WhiteTitle "WFM"]
[BlackTitle "CM"]
[WhiteElo "1928"]
[BlackElo "2275"]
[WhiteFideId "3704394"]
[BlackFideId "2509393"]
[EventDate "2025.07.01"]

1. e4 e5 2. Nf3 Nc6 3. Bc4 Nf6 4. d3 Be7 5. O-O d6 6. Nc3 Na5 7. Bg5 Nxc4 8.
dxc4 O-O 9. Qd3 Be6 10. Rad1 Nh5 11. Bxe7 Qxe7 12. g3 Nf6 13. Nd5 Nxd5 14. cxd5
Bd7 15. c4 f5 16. Rfe1 Rf7 17. Nh4 fxe4 18. Rxe4 g5 19. Ng2 Bf5 20. Rde1 Raf8
21. R1e2 Qf6 22. Ne3 Bxe4 23. Qxe4 Qf3 24. Qxf3 Rxf3 25. Ng4 Kg7 26. Kg2 h5 27.
Ne3 g4 28. b3 a5 29. Rb2 Kg6 30. a3 Kg5 31. Nd1 Rd3 32. Ne3 Rf3 33. h4+ Kg6 34.
b4 axb4 35. axb4 Rc3 36. c5 Kf6 37. cxd6 cxd6 38. Ra2 Ke7 39. Ra8 Rb3 40. Rh8
Rxb4 41. Rxh5 Rf7 42. Rh6 b5 43. Re6+ Kd7 44. h5 Rd4 45. h6 b4 46. Rg6 Ke7 47.
Rg8 Rd2 48. Rb8 Rfxf2+ 49. Kg1 Rfe2 50. Nxg4 Re1# 0-1

[Event "Titled Tue 1st Jul Early"]
[Site "chess.com INT"]
[Date "2025.07.01"]
[Round "2"]
[White "Lazavik, Denis"]
[Black "Loftgaard, Mikkel Vinh"]
[Result "1-0"]
[WhiteTitle "GM"]
[BlackTitle "FM"]
[WhiteElo "2580"]
[BlackElo "2281"]
[WhiteFideId "13515110"]
[BlackFideId "1468480"]
[EventDate "2025.07.01"]

1. e4 c5 2. Nf3 e6 3. b3 d5 4. exd5 exd5 5. Bb5+ Nc6 6. O-O Nf6 7. Re1+ Be7 8.
Qe2 Be6 9. Ng5 O-O 10. Nxe6 fxe6 11. Qxe6+ Rf7 12. Bb2 Ne4 13. Nc3 Nd4 14. Qxd5
Nxc3 15. Qxd8+ Rxd8 16. Bc4 Nd5 17. Bxd4 cxd4 18. Re5 Nb6 19. Rxe7 Nxc4 20. Rxf7
Kxf7 21. bxc4 d3 22. Rc1 Rd4 23. cxd3 Rxd3 24. Rc2 Ke6 25. Kf1 Ke5 26. Ke2 Ra3
27. c5 Kd5 28. g3 g5 29. Rb2 Kc6 30. d4 g4 31. d5+ Kxc5 32. Rxb7 Rxa2+ 33. Ke3
Ra3+ 34. Kf4 h5 35. Kg5 Ra2 36. Rf7 Kxd5 37. Kxh5 Ra4 38. Kh4 Ke6 39. Rb7 Kf5
40. h3 gxh3+ 41. Kxh3 a5 42. Rb5+ Kg6 43. f4 Ra1 44. Kg4 a4 45. Ra5 a3 46. Ra6+
Kf7 47. Kf5 a2 48. g4 Ke7 49. g5 Kd7 50. g6 Kc7 51. Kf6 Rf1 52. Rxa2 Rxf4+ 53.
Kg5 Rf1 54. Rg2 1-0

[Event "Titled Tue 1st Jul Early"]
[Site "chess.com INT"]
[Date "2025.07.01"]
[Round "2"]
[White "Asensio Ramos, Enrique Fernando"]
[Black "Gabrielian, Artur"]
[Result "0-1"]
[WhiteTitle "CM"]
[BlackTitle "GM"]
[WhiteElo "2200"]
[BlackElo "2407"]
[WhiteFideId "2214172"]
[BlackFideId "4131002"]
[EventDate "2025.07.01"]

1. d4 Nf6 2. Nc3 d5 3. Bf4 e6 4. Nb5 Na6 5. e3 Be7 6. h4 O-O 7. h5 h6 8. Nf3 c6
9. Nc3 c5 10. a3 Nb8 11. Nb5 Nc6 12. Nc7 Rb8 13. Nb5 Ra8 14. Nc7 Rb8 15. Nb5 a6
16. Bxb8 Nxb8 17. Nc3 Nc6 18. Ne2 Ne4 19. c3 Bd6 20. Nf4 Qf6 21. g3 Rd8 22. Bd3
Bc7 23. Qe2 b5 24. Rc1 c4 25. Bb1 Bb7 26. Rd1 Ne7 27. Kf1 Nf5 28. Kg2 a5 29. Qc2
Nexg3 30. Rdg1 Nxh1 31. Rxh1 Bd6 32. Ne2 Bc6 33. Qd2 Rb8 34. Ng3 b4 35. axb4
axb4 36. Nxf5 exf5 37. Qc2 Bd7 38. Qe2 Kf8 39. Rg1 bxc3 40. bxc3 Rb3 41. Ba2
Rxc3 42. Qb2 Ra3 43. Rc1 f4 44. Rc3 Rxc3 45. Qxc3 fxe3 46. fxe3 Qf5 47. Qd2 Qh3+
48. Kf2 Bg3+ 49. Kg1 Bd6 50. Qg2 Qxh5 51. Bb1 Bg4 52. Nh2 Bxh2+ 53. Qxh2 Qxh2+
54. Kxh2 g6 55. Bc2 Bf5 56. Bd1 c3 57. Kg3 c2 0-1

[Event "Titled Tue 1st Jul Early"]
[Site "chess.com INT"]
[Date "2025.07.01"]
[Round "2"]
[White "Eswaran, Ashritha"]
[Black "Chan, Yi Ren Daniel"]
[Result "1-0"]
[WhiteTitle "FM"]
[BlackTitle "FM"]
[WhiteElo "2236"]
[BlackElo "2309"]
[WhiteFideId "2080788"]
[BlackFideId "5801583"]
[EventDate "2025.07.01"]

1. e4 d6 2. d4 Nf6 3. Nc3 g6 4. f4 c5 5. dxc5 Qa5 6. Bd3 Qxc5 7. Nf3 Nc6 8. Qe2
Bg7 9. Be3 Qb4 10. O-O-O Qa5 11. Kb1 Be6 12. Ng5 Bg4 13. Nf3 Rc8 14. h3 Bxf3 15.
gxf3 O-O 16. Bd2 Qb6 17. h4 Nh5 18. Na4 Qd4 19. Nc3 Ng3 20. Qg2 Nxh1 21. Rxh1
Nb4 22. Qe2 Qb6 23. h5 Bxc3 24. hxg6 Nxd3 25. Bxc3 Rxc3 26. cxd3 Rfc8 27. Qh2
Rc1+ 28. Rxc1 Rxc1+ 29. Kxc1 Qe3+ 30. Kc2 hxg6 31. Qg3 b5 32. f5 Kg7 33. fxg6
fxg6 34. Qh4 g5 35. Qg4 b4 36. Qe6 Qe2+ 37. Kc1 Qe1+ 38. Kc2 Qe2+ 39. Kc1 Qe3+
40. Kc2 Qxf3 41. Qxe7+ Kg6 42. Qxd6+ Qf6 43. Qxf6+ Kxf6 44. Kd2 Ke5 45. Ke3 g4
46. d4+ Kd6 47. Kf4 a5 48. Kxg4 Kc6 49. Kf5 a4 50. e5 Kb5 51. e6 Kc4 52. e7 Kd3
53. e8=Q a3 54. bxa3 b3 55. axb3 1-0

[Event "Titled Tue 1st Jul Early"]
[Site "chess.com INT"]
[Date "2025.07.01"]
[Round "2"]
[White "Venkatesh, Narayan"]
[Black "Yushko, Olga"]
[Result "1-0"]
[WhiteTitle "FM"]
[BlackTitle "WFM"]
[WhiteElo "2185"]
[BlackElo "2033"]
[WhiteFideId "30987881"]
[BlackFideId "14114500"]
[EventDate "2025.07.01"]

1. Nf3 Nf6 2. g3 e6 3. Bg2 d5 4. O-O Be7 5. c4 O-O 6. cxd5 exd5 7. d3 c6 8. Nc3
Re8 9. e4 dxe4 10. dxe4 Na6 11. e5 Nd5 12. Nxd5 cxd5 13. Nd4 Bc5 14. Nb3 Rxe5
15. Nxc5 Nxc5 16. Qd4 Qe7 17. Bf4 Re2 18. Rac1 Ne6 19. Qc3 Nxf4 20. Qxc8+ Qf8
21. Qxf8+ Kxf8 22. gxf4 Rd8 23. Rfd1 d4 24. b4 b6 25. a4 Rb2 26. Rc4 d3 27. Be4
d2 28. Kf1 g6 29. Ke2 f5 30. Bc2 b5 31. axb5 Rb8 32. Rxd2 Rxb5 33. Rdd4 Rb7 34.
Kd3 Ra2 35. Kc3 Ra3+ 36. Bb3 a5 37. Kb2 axb4 38. Rxb4 Rba7 39. Ra4 R3xa4 40.
Rxa4 Re7 41. Rc4 Re2+ 42. Rc2 Re4 43. Rc8+ Kg7 44. Rc7+ Kh6 45. Bg8 Kh5 46.
Rxh7+ Kg4 47. h3+ Kxf4 48. Rh4+ Kf3 49. Bd5 Kxf2 50. Bxe4 g5 51. Rh5 fxe4 52.
Rxg5 e3 53. h4 Kf3 54. h5 Kf4 55. Rg1 1-0

[Event "Titled Tue 1st Jul Early"]
[Site "chess.com INT"]
[Date "2025.07.01"]
[Round "2"]
[White "Arun, Siddharth"]
[Black "Schitco, Ivan"]
[Result "0-1"]
[BlackTitle "GM"]
[WhiteElo "1978"]
[BlackElo "2481"]
[WhiteFideId "2079178"]
[BlackFideId "13905465"]
[EventDate "2025.07.01"]

1. d4 Nf6 2. Nc3 d5 3. Bf4 c6 4. e3 Bf5 5. f3 h6 6. g4 Bh7 7. h4 Nbd7 8. Bd3
Bxd3 9. Qxd3 e6 10. Nge2 a5 11. Rg1 g6 12. e4 Qb6 13. O-O-O a4 14. Ng3 Qa6 15.
Qxa6 Rxa6 16. a3 Be7 17. Rge1 dxe4 18. Ncxe4 Nxe4 19. Nxe4 Bxh4 20. Rh1 Be7 21.
Rxh6 Rxh6 22. Bxh6 Nf6 23. Nxf6+ Bxf6 24. Bf4 Ke7 25. c3 Ra5 26. Kc2 Rb5 27. Rg1
Bg7 28. Rh1 g5 29. Be3 Kf6 30. Rf1 Kg6 31. Rh1 Rd5 32. Rd1 Rd8 33. Kd3 Rh8 34.
Rd2 Rh3 35. Rf2 f5 36. gxf5+ exf5 37. Rg2 Bf6 38. Ke2 Kh5 39. c4 Rh1 40. Kd3 Rf1
41. Ke2 Rb1 42. Kd3 f4 43. Rh2+ Kg6 44. Bd2 Rxb2 45. d5 Kf5 46. Re2 Rb3+ 47. Kc2
cxd5 48. cxd5 Rxf3 49. d6 Rh3 50. Re8 Rh7 51. Rf8 Ke6 52. Bb4 g4 53. Re8+ Kf5
54. Rc8 g3 55. Rc7 Rh2+ 56. Kd3 f3 57. Rf7 f2 58. Bc3 f1=Q+ 0-1